Leadership and personality development for tourism and hospitality professionals / (Record no. 1772)

MARC details
000 -LEADER
fixed length control field 00630nam a22001817a 4500
005 - DATE AND TIME OF LATEST TRANSACTION
control field 20230313072142.0
008 - FIXED-LENGTH DATA ELEMENTS--GENERAL INFORMATION
fixed length control field 230313b |||||||| |||| 00| 0 eng d
020 ## - INTERNATIONAL STANDARD BOOK NUMBER
International Standard Book Number 978-971-9905-21-9
082 ## - DEWEY DECIMAL CLASSIFICATION NUMBER
Classification number Fil. 155.25 L434 2011
100 ## - MAIN ENTRY--PERSONAL NAME
Personal name Rodolfa, Bernardo B.,
Relator term author.
245 ## - TITLE STATEMENT
Title Leadership and personality development for tourism and hospitality professionals /
Statement of responsibility, etc. Bernardo B. Rodolfa, Jr., et al.
260 ## - PUBLICATION, DISTRIBUTION, ETC.
Place of publication, distribution, etc. Manila:
Name of publisher, distributor, etc. Mindshapers,
Date of publication, distribution, etc. c2011.
300 ## - PHYSICAL DESCRIPTION
Extent x, 224p. :
Other physical details ill.
504 ## - BIBLIOGRAPHY, ETC. NOTE
Bibliography, etc. note Includes bibliographical references.
541 ## - IMMEDIATE SOURCE OF ACQUISITION NOTE
Accession number 3283 c.1, 3284 c.2, 3631 c.3, 4098 c.4
650 ## - SUBJECT ADDED ENTRY--TOPICAL TERM
Topical term or geographic name entry element Personality
650 ## - SUBJECT ADDED ENTRY--TOPICAL TERM
Topical term or geographic name entry element Leadership
Holdings
Withdrawn status Lost status Source of classification or shelving scheme Damaged status Not for loan Home library Current library Date acquired Total Checkouts Full call number Barcode Date last seen Copy number Price effective from Koha item type Date due Date last checked out
    Dewey Decimal Classification     ctu-moalboal ctu-moalboal 01/29/2014   Fil. 155.25 L434 2011 3283 03/13/2023 1 03/13/2023 Books-Filipiniana    
    Dewey Decimal Classification     ctu-moalboal ctu-moalboal 01/29/2014 1 Fil. 155.25 L434 2011 3284 03/23/2023 2 03/13/2023 Books-Filipiniana 04/06/2023 03/23/2023
    Dewey Decimal Classification     ctu-moalboal ctu-moalboal 06/17/2014   Fil. 155.25 L434 2011 3631 03/13/2023 3 03/13/2023 Books-Filipiniana    
    Dewey Decimal Classification     ctu-moalboal ctu-moalboal 06/18/2015   Fil. 155.25 L434 2011 4098 03/13/2023 4 03/13/2023 Books-Filipiniana